| 000 | 01984cac a2200481 i 4500 | ||
|---|---|---|---|
| 003 | EG-GICUC | ||
| 005 | 20260121101429.0 | ||
| 008 | 040111c19999999-uk r frl 0 0eng d | ||
| 040 |
_aWCL _beng _cWCL _dDLC _dLVB _dDLC _dOCLCG _dOCLCQ _dOCLCA _dYDXCP _dOCLCF _dOCLCO _dOCLCQ _dYDX _dUKMGB _dOCLCO _dOCL _dOCLCL _dDLC _dEG-GICUC _erda |
||
| 043 | _ae-uk--- | ||
| 050 | 0 | 0 |
_aKD3930.A29 _bB58 |
| 082 | 0 | 4 |
_221 _a341.48 |
| 092 | 0 | 4 | _221 |
| 099 | _aLaw 08 2001 | ||
| 245 | 0 | 0 |
_aBlackstone's statutes on public law & human rights / _cedited by Peter Wallington, Robert G. Lee. |
| 246 | 3 | _aBlackstone's statutes on public law and human rights | |
| 246 | 3 | 0 | _aPublic law & human rights |
| 246 | 3 | 0 | _aStatutes on public law & human rights |
| 250 | _a11th edition, | ||
| 264 |
_aUK : _bBlackstone Press, _c2001. |
||
| 300 |
_ax, 568 page ; _c24 cm. |
||
| 310 | _aAnnual | ||
| 336 |
_atext _btxt _2rdacontent |
||
| 337 |
_aunmediated _bn _2rdamedia |
||
| 338 |
_avolume _bnc _2rdacarrier |
||
| 362 | 1 | _aBegan with 9th ed. in 1999. | |
| 490 | 1 | _aBlackstone's statutes | |
| 500 | _aEdited by: Peter Wallington and Robert G. Lee, <2002/2003-3003/2004>; John Stanton, <2025> | ||
| 500 | _aIncludes index. | ||
| 588 | _aDescription based on: 12th ed. (2002/2003). | ||
| 588 | _aLatest issue consulted: 35th Edition (2025). | ||
| 650 | 0 |
_aPublic law _zGreat Britain. |
|
| 650 | 0 |
_aCivil rights _zGreat Britain. |
|
| 700 | 1 |
_aWallington, Peter, _eeditor. _1https://id.oclc.org/worldcat/entity/E39PBJpPDp9WPkYtg86HCjgdwC |
|
| 700 | 1 |
_aLee, R. G. _q(Robert Gregory), _d1952- _eeditor. _1https://id.oclc.org/worldcat/entity/E39PBJhhxcbqctbCxBp9HJVKVC |
|
| 700 | 1 |
_aStanton, John _c(Law teacher), _eeditor. _1https://id.oclc.org/worldcat/entity/E39PCjD9gmTPvPrvMkPjChb3Yq |
|
| 780 | 0 | 0 | _tBlackstone's statutes on public law |
| 830 | 0 | _aBlackstone's statutes. | |
| 856 | 4 | 0 | _uhttps://fll.law.cu.edu.eg/fulltext/bks/ENGB08-00086.pdf |
| 905 | _a10 | ||
| 942 |
_2ddc _cBK _e21 _n0 |
||
| 999 |
_c48356 _d48356 |
||